Sports Quiz

Random Sports or NBA Quiz

NY Knicks - 100+ single-season 3-pointers Quiz Stats

 Plays Quiz not verified by Sporcle

Support Sporcle.
Go Orange.
Score 0/47 Timer 08:00
0 Plays Today
3PM Player % Correct
157Carmelo Anthony
97.9%
167Carmelo Anthony
97.9%
105Carmelo Anthony
97.8%
151Carmelo Anthony
97.5%
108John Starks
94.1%
113John Starks
94.1%
217John Starks
94.1%
143John Starks
94.1%
150John Starks
94.1%
130John Starks
94.1%
148Allan Houston
87.6%
106Allan Houston
87.6%
136Allan Houston
87.6%
178Allan Houston
87.6%
155J.R. Smith
79.7%
189J.R. Smith
79.7%
145Latrell Sprewell
75%
134Latrell Sprewell
75%
115Stephon Marbury
68.8%
123Stephon Marbury
68.8%
112Kristaps Porzingis
67.1%
108Courtney Lee
61.4%
185Jamal Crawford
56.8%
101Jamal Crawford
56.8%
3PM Player % Correct
103Jamal Crawford
56.8%
176Jamal Crawford
56.8%
133Steve Novak
55.9%
149Steve Novak
55.9%
114Jason Kidd
54.7%
102Charlie Ward
47.9%
101Charlie Ward
47.9%
131Hubert Davis
46.5%
127Hubert Davis
46.5%
186Danilo Gallinari
45.6%
106Derek Harper
44.1%
121Derek Harper
44.1%
125Nate Robinson
42.9%
130Tim Hardaway
37.6%
121Tim Hardaway
37.6%
103Wilson Chandler
36.2%
120Quentin Richardson
31.2%
160Al Harrington
30%
140Al Harrington
30%
118Trent Tucker
27.1%
127Chris Duhon
25%
143Toney Douglas
14.1%
131Howard Eisley
11.5%

You're not logged in!

Compare scores with friends on all Sporcle quizzes.
OR
Log In

From the Vault

This, But Not That XXII

by Arnott

But what about that, and not this? Asking for a friend.
Remove Ads.
Support Sporcle.
Get the best of Sporcle when you Go Orange. This ad-free experience offers more features, more stats, and more fun while also helping to support Sporcle. Thank you for becoming a member.

Show Comments

Extras

Top Quizzes Today


Score Distribution

Your Account Isn't Verified!

In order to create a playlist on Sporcle, you need to verify the email address you used during registration. Go to your Sporcle Settings to finish the process.

Report this User

Report this user for behavior that violates our Community Guidelines.

Details: